[Event "Cto Equipos Aragon 2012 Preferente B"]
[Site "Aragon"]
[Date "2012.03.24"]
[Round "8.54"]
[White "De La Riva Fernandez Eduardo"]
[Black "Bellosta Lopez Pablo"]
[Result "1/2-1/2"]
[WhiteElo "1985"]
[BlackElo "2042"]

1.e4 c5 2.Nf3 d6 3.d4 Nf6 4.Nc3 cxd4 5.Nxd4 a6 6.Be2 e5 7.Nb3 Be7 8.a4 O-O 9.
O-O Be6 10.Be3 Nbd7 11.f4 exf4 12.Bxf4 Rc8 13.Kh1 Ne5 14.Nd2 Qb6 15.Qc1 Nfg4
16.h3 Ne3 17.a5 Qa7 18.Re1 N3c4 19.Nxc4 Nxc4 20.Nd5 Bxd5 21.exd5 Bh4 22.Rf1
Ne5 23.Be3 Qb8 24.Ra4 Be7 25.c3 Qc7 26.Qc2 Qd7 27.Bg4 Qb5 28.Be2 Qxd5 29.Raf4
Qxa5 30.Bd4 Qd5 31.Qf5 Qe6 32.Qc2 g6 33.Bg4 f5 34.Bd1 Bf6 35.Qa4 Kg7 36.Bb3
Qe8 37.Qa2 Qb5 38.Be6 Rce8 39.Bd5 Nd3 40.c4 Qd7 41.R4f3 Nb4 42.Bxf6+ Rxf6 43.
Qb3 Nxd5 44.cxd5 Re5 45.Qc4 Rf7 46.g4 Qb5 47.Qxb5 axb5 48.g5 Rxd5 49.Rb3 Rc7
50.Rf2 Rc4 51.Kg2 Re4 52.Kg3 Rc5 53.Rd2 d5 54.Rbd3 Kf7 55.Rxd5 Rxd5 56.Rxd5
Rb4 57.Rd7+ Ke6 58.Rxh7 Rxb2 59.Rxb7 b4 60.Rb6+ Ke5 61.Rxg6 f4+ 62.Kf3 Rb3+
63.Kf2 Rxh3 64.Rb6 b3 65.g6 b2 66.g7 Rg3 67.Rb5+ Kf6 68.Rxb2 Rxg7 69.Kf3 Ke5
70.Rb5+ 1/2-1/2

[Event "Cto Equipos Aragon 2012 Preferente B"]
[Site "Aragon"]
[Date "2012.03.24"]
[Round "8.55"]
[White "Laplaza Ara Carlos"]
[Black "Gimeno Garcia David"]
[Result "1-0"]
[WhiteElo "2011"]
[BlackElo "1948"]

1.c4 Nf6 2.Nc3 e6 3.Nf3 b6 4.g3 Bb7 5.Bg2 g6 6.O-O Bg7 7.d4 O-O 8.Qc2 d5 9.Ne5
c6 10.Rd1 Nbd7 11.e4 Rc8 12.Bg5 h6 13.Nxd7 Qxd7 14.Bxf6 Bxf6 15.e5 Bg7 16.Qa4
dxc4 17.Qxc4 Rfd8 18.Ne4 c5 19.Nd6 Bxg2 20.Kxg2 Qc6+ 21.Kg1 cxd4 22.Qxd4 Qc5
23.Qf4 Rc7 24.Rac1 Qxc1 25.Rxc1 Bxe5 26.Qxh6 Rxc1+ 27.Qxc1 Rxd6 28.h4 Bd4 29.
h5 gxh5 30.Qg5+ Kf8 31.Qxh5 Bxb2 32.Qe2 Bd4 33.Kg2 Bc5 34.f4 Rd5 35.Kf3 a5 36.
g4 Bb4 37.Qe4 Rd2 38.f5 exf5 39.gxf5 Rxa2 40.f6 Ra3+ 41.Kg4 Kg8 42.Kf5 Rc3 43.
Qg2+ Kf8 44.Qa8+ 1-0

[Event "Cto Equipos Aragon 2012 Preferente B"]
[Site "Aragon"]
[Date "2012.03.24"]
[Round "8.56"]
[White "Labrador Postigo Francisco M"]
[Black "Perez Puyal Jose Joaquin"]
[Result "1-0"]
[WhiteElo "1896"]
[BlackElo "1929"]

1.d4 d5 2.c4 c6 3.Nf3 Nf6 4.g3 e6 5.Bg2 Bb4+ 6.Bd2 Bxd2+ 7.Nbxd2 O-O 8.O-O
Nbd7 9.Qc2 dxc4 10.Nxc4 Nb6 11.Nce5 Bd7 12.h4 Rc8 13.Rfd1 Qe7 14.Qc5 Qd8 15.a4
Ra8 16.Ng5 Nbd5 17.a5 h6 18.Nh3 b6 19.axb6 Qxb6 20.e4 Nc7 21.Qd6 Rfd8 22.Qe7
Be8 23.Rac1 Rxd4 24.Rxd4 Qxd4 25.Qxc7 Qxb2 26.Rd1 a5 27.Nxc6 a4 28.Ne7+ Kh7
29.e5 Qe2 30.Rc1 Nd5 31.Nxd5 exd5 32.Bxd5 Qa6 33.Nf4 Ra7 34.Qc2+ g6 35.h5 a3
36.Ba2 Rb7 37.hxg6+ fxg6 38.Nh5 Bf7 39.Nf6+ Kg7 40.Bxf7 Rxf7 41.Qc8 Qxc8 42.
Rxc8 Ra7 43.Rc1 a2 44.Ra1 Kf7 45.Kg2 Ke6 46.f4 Kf5 47.Nd5 Ra3 48.Nb4 Kg4 49.
Rxa2 Rxg3+ 50.Kf2 Rf3+ 51.Ke2 Rxf4 52.Nd3 Re4+ 53.Kf1 Kf5 54.Rf2+ Kg5 55.Re2
1-0

[Event "Cto Equipos Aragon 2012 Preferente B"]
[Site "Aragon"]
[Date "2012.03.24"]
[Round "8.57"]
[White "Hinojar Basa Alfonso"]
[Black "Garcia Andres Daniel"]
[Result "1-0"]
[WhiteElo "2194"]
[BlackElo "2008"]

1.e4 e5 2.Nf3 Nc6 3.Bb5 a6 4.Ba4 Nf6 5.Qe2 b5 6.Bb3 Be7 7.c3 d6 8.O-O O-O 9.
Rd1 Be6 10.d4 Bxb3 11.axb3 exd4 12.cxd4 Qc8 13.Nc3 Re8 14.Bg5 Qg4 15.h3 Qh5
16.e5 dxe5 17.dxe5 Bd6 18.exd6 Rxe2 19.Nxe2 Qg6 20.dxc7 Ne8 21.Rd8 Nxd8 22.
cxd8=Q Rxd8 23.Bxd8 Qc2 24.Ned4 Qxb2 25.Re1 Nf6 26.Bxf6 gxf6 27.Re8+ Kg7 28.
Nf5+ Kg6 29.N3h4+ Kh5 30.Rg8 Qc1+ 31.Kh2 Qf4+ 32.g3 1-0

[Event "Cto Equipos Aragon 2012 Preferente B"]
[Site "Aragon"]
[Date "2012.03.24"]
[Round "8.58"]
[White "Lafarga Bueno Daniel"]
[Black "Sancho Cortes Miguel Angel"]
[Result "1/2-1/2"]
[WhiteElo "1851"]
[BlackElo "2094"]

1.c4 f5 2.Nc3 Nf6 3.g3 d6 4.Bg2 c6 5.d3 e5 6.e4 Be7 7.Nge2 Na6 8.O-O O-O 9.b3
Nc7 10.Bb2 fxe4 11.dxe4 Ne6 12.Nc1 Nd4 13.Nd3 c5 14.Ne2 Qe8 15.Nxd4 exd4 16.
Nf4 Rb8 17.a4 Bg4 18.Qd2 g5 19.Nd5 Nxd5 20.exd5 Qg6 21.Rae1 Rf7 22.Be4 Qg7 23.
f3 Bh3 24.Rf2 Bd7 25.Qa5 Rbf8 26.Qxa7 Bd8 1/2-1/2

[Event "Cto Equipos Aragon 2012 Preferente B"]
[Site "Aragon"]
[Date "2012.03.24"]
[Round "8.60"]
[White "Goni Navarro Pablo"]
[Black "Ruiperez Gumiel Ramon"]
[Result "0-1"]
[WhiteElo "1647"]
[BlackElo "1947"]

1.e4 c5 2.Nf3 Nc6 3.d4 cxd4 4.Nxd4 Nf6 5.Nc3 e5 6.Ndb5 d6 7.Bg5 a6 8.Na3 Be6
9.Nd5 Bxd5 10.Qxd5 Nxd5 11.Bxd8 Nf4 12.Bg5 d5 13.exd5 Nd4 14.Bxf4 exf4 15.
O-O-O Bxa3 16.Rxd4 Bd6 17.Re4+ Kf8 18.f3 g6 19.Bd3 Kg7 20.Rhe1 h5 21.a3 h4 22.
h3 Rac8 23.b4 Rc3 24.Kb2 Rhc8 25.Re8 R8c7 26.Rd8 Rxd3 27.cxd3 Be7 28.Re8 Bf6+
29.Kb1 Rd7 30.Rc8 Rxd5 31.Kc2 Rd7 32.Re4 g5 33.Rec4 Re7 34.Re4 Rd7 35.Rec4 Re7
36.Re4 Rd7 37.Rcc4 Rd6 38.Rc7 b6 39.Rcc4 Kg6 40.Rc7 Kg7 41.Ra7 0-1

[Event "Cto Equipos Aragon 2012 Preferente B"]
[Site "Aragon"]
[Date "2012.03.24"]
[Round "8.61"]
[White "Pellicer Cemeli Jose Luis"]
[Black "Landa Garriga Francisco Javier"]
[Result "1/2-1/2"]
[WhiteElo "2068"]
[BlackElo "1986"]

1.e4 e5 2.Nf3 Nc6 3.d4 exd4 4.Nxd4 Bc5 5.Nxc6 Qf6 6.Qf3 bxc6 7.Be2 Qxf3 8.gxf3
d5 9.Bf4 Bb6 10.Nc3 Ne7 11.O-O-O d4 12.Na4 c5 13.Nxb6 cxb6 14.Bd6 Bd7 15.Rhg1
Rg8 16.Ba6 Bc6 17.Bd3 Kd7 18.Bg3 Rae8 19.f4 g6 20.Bh4 Nc8 21.e5 Ne7 22.Bxe7
Kxe7 23.Rg3 Rd8 24.f5 b5 25.f6+ Ke6 26.f4 c4 27.Bf1 Be4 28.Bh3+ Bf5 29.Bg2 d3
30.cxd3 cxd3 31.Bh3 Rc8+ 32.Kb1 d2+ 33.Bxf5+ Kxf5 34.Rxd2 Rc7 35.Rf3 Rgc8 36.
a3 Rc4 37.Rd7 R8c7 38.Rxc7 Rxc7 39.Ka2 a5 40.Kb3 Rc4 41.h3 h5 42.Rf2 h4 43.Rf3
1/2-1/2

[Event "Cto Equipos Aragon 2012 Preferente B"]
[Site "Aragon"]
[Date "2012.03.24"]
[Round "8.62"]
[White "Ferrer Echavarri Fco Javier"]
[Black "Felez Casedas Carlos"]
[Result "0-1"]
[WhiteElo "1948"]
[BlackElo "2024"]

1.d4 d5 2.c4 e6 3.Nc3 Nf6 4.Bg5 Be7 5.e3 O-O 6.Nf3 h6 7.Bxf6 Bxf6 8.Qd2 c6 9.
Rd1 Nd7 10.Be2 a6 11.O-O dxc4 12.Bxc4 b5 13.Be2 c5 14.dxc5 Nxc5 15.Qxd8 Rxd8
16.Rxd8+ Bxd8 17.b4 Nd7 18.Nd4 Bb7 19.Bf3 Bxf3 20.gxf3 Rc8 21.Rc1 Be7 22.a3
Bf6 23.Nce2 Rxc1+ 24.Nxc1 Bxd4 25.exd4 Nb6 26.Nd3 Nc4 27.Nc5 Nxa3 28.Nxa6 Nc2
29.d5 exd5 30.Nc7 Nxb4 31.Nxb5 Kf8 32.Kf1 Ke7 33.Ke2 Ke6 34.Ke3 Nc6 35.Nc7+
Kd6 36.Ne8+ Kc5 37.Nxg7 d4+ 38.Ke4 Kc4 39.Nf5 d3 40.Ne3+ Kc3 41.f4 d2 42.h4 h5
43.f5 f6 44.f4 Nb4 45.Nd1+ Kc2 46.Ne3+ Kc1 0-1

[Event "Cto Equipos Aragon 2012 Preferente B"]
[Site "Aragon"]
[Date "2012.03.24"]
[Round "8.63"]
[White "Puertolas Serena Arturo"]
[Black "Sanz Lopez Ruben"]
[Result "1/2-1/2"]
[WhiteElo "1941"]
[BlackElo "1945"]

1.d4 Nf6 2.Nf3 c5 3.c4 e6 4.Nc3 d5 5.Bf4 a6 6.cxd5 exd5 7.e3 Nc6 8.a3 Be7 9.
Bd3 O-O 10.dxc5 Bxc5 11.Rc1 d4 12.exd4 Nxd4 13.Nxd4 Qxd4 14.Be3 Qe5 15.Qd2 Re8
16.Nd1 Ng4 17.Bxh7+ Kh8 18.Bd3 Bxe3 19.Nxe3 Nxe3 20.fxe3 Qxe3+ 21.Qxe3 Rxe3+
22.Kd2 Re7 23.Rhe1 Be6 24.Rc3 Rd8 25.Kc1 Red7 26.Be4 Kg8 27.h3 Kf8 28.Bf3 g6
29.Rd1 Rxd1+ 30.Bxd1 Bd5 31.Bf3 Bxf3 32.Rxf3 Kg7 33.Kc2 f5 34.g3 Rd6 35.Re3
Kf7 36.Rc3 Ke6 37.Rc8 Kd5 38.Kd3 Ke5+ 39.Ke3 Kf6 40.h4 Re6+ 41.Kf4 Rd6 42.Ke3
1/2-1/2

[Event "Cto Equipos Aragon 2012 Preferente B"]
[Site "Aragon"]
[Date "2012.03.24"]
[Round "8.64"]
[White "Gayan Carceller Miguel Angel"]
[Black "Pellicer Cerezuela Miguel"]
[Result "1-0"]
[WhiteElo "1909"]
[BlackElo "1657"]

1.d4 f5 2.Nf3 g6 3.Bf4 Bg7 4.g3 Nf6 5.Bg2 d6 6.O-O O-O 7.c4 c6 8.Nc3 Be6 9.d5
Bd7 10.Qb3 Na6 11.Nd2 Nc5 12.Qc2 a5 13.a3 a4 14.Be3 cxd5 15.Nxd5 e6 16.Nxf6+
Qxf6 17.Rab1 Rab8 18.Rfd1 b6 19.Nf3 Ne4 20.Nd4 Nc5 21.Nb5 Bxb5 22.cxb5 Rfd8
23.Bd4 e5 24.Bd5+ Kf8 25.Bxc5 bxc5 26.Qxa4 h5 27.Qc4 f4 28.Rd3 Ke7 29.a4 Rf8
30.Rf3 g5 31.gxf4 gxf4 32.Qe4 Bh6 33.Kh1 Rh8 34.Rg1 Bg5 35.Rb3 1-0

[Event "Cto Equipos Aragon 2012 Preferente B"]
[Site "Aragon"]
[Date "2012.03.24"]
[Round "8.65"]
[White "Argueso Pascual Jorge"]
[Black "Cebrian Valverde Jose Antonio"]
[Result "1/2-1/2"]
[WhiteElo "1998"]
[BlackElo "2142"]

1.e4 e6 2.d4 d5 3.Nc3 Bb4 4.exd5 exd5 5.Bd3 Nf6 6.Ne2 O-O 7.O-O c6 8.Bg5 Bg4
9.a3 Bd6 10.Qd2 Nbd7 11.Rfe1 Qc7 12.h3 Bh5 13.Bf4 Rfe8 14.Bxd6 Qxd6 15.Qf4
Qxf4 16.Nxf4 Bg6 17.Nxg6 hxg6 18.Kf1 Nf8 19.Rxe8 Rxe8 20.Re1 Ne6 21.Ne2 Nh5
22.c3 Kf8 23.g3 Ng5 24.Ng1 Nf6 25.Rxe8+ Kxe8 26.f3 Ke7 27.Kf2 b6 28.Ke3 Kd6
29.h4 Ne6 30.Ne2 g5 31.g4 1/2-1/2

[Event "Cto Equipos Aragon 2012 Preferente B"]
[Site "Aragon"]
[Date "2012.03.24"]
[Round "8.66"]
[White "Gimeno Oteo Marco Antonio"]
[Black "Soto Fidalgo Guillermo"]
[Result "1-0"]
[WhiteElo "2110"]
[BlackElo "1907"]

1.e4 e6 2.d4 d5 3.Nc3 Bb4 4.e5 c5 5.Bd2 cxd4 6.Nb5 Bxd2+ 7.Qxd2 Nc6 8.f4 a6 9.
Nxd4 Qb6 10.O-O-O Qxd4 11.Qxd4 Nxd4 12.Rxd4 Ne7 13.Nf3 Nc6 14.Rd2 Bd7 15.Bd3
Nb4 16.a3 Nxd3+ 17.cxd3 Rc8+ 18.Rc2 Ke7 19.Rxc8 Rxc8+ 20.Kd2 Ba4 21.Rc1 Rxc1
22.Kxc1 Bb5 23.Kd2 f6 24.Kc3 Be8 25.Nd4 Bd7 26.Nc2 Bc6 27.Kd4 Bb5 28.b3 Kd7
29.a4 Bc6 30.Kc5 Kc7 31.a5 Bb5 32.Nd4 Bd7 33.b4 fxe5 34.fxe5 Bc8 35.b5 Kd7 36.
bxa6 bxa6 37.Kb6 Ke7 38.Nc6+ Kd7 39.Nb8+ Kd8 40.Kc6 Ke7 41.Kc7 Bd7 42.Nxd7 1-0

[Event "Cto Equipos Aragon 2012 Preferente B"]
[Site "Aragon"]
[Date "2012.03.24"]
[Round "8.67"]
[White "Ruiz Gutierrez Jose Manuel"]
[Black "Glaria Tevar Salvador"]
[Result "1-0"]
[WhiteElo "1863"]
[BlackElo "1921"]

1.c4 c5 2.Nc3 Nf6 3.Nf3 g6 4.d4 cxd4 5.Nxd4 Bg7 6.e4 Nc6 7.Nc2 d6 8.Be2 Be6 9.
Rb1 Nd7 10.O-O O-O 11.f4 f5 12.Be3 Bxc3 13.bxc3 Qa5 14.Nd4 Bf7 15.exf5 gxf5
16.Rxb7 Nxd4 17.Bxd4 Rfd8 18.Rb5 Qxa2 19.Rxf5 Nf6 20.Bd3 Rab8 21.Rxf6 exf6 22.
Qg4+ Kf8 23.Bxf6 Qd2 24.Bxh7 Rdc8 25.Bf5 Qe3+ 26.Kh1 1-0

[Event "Cto Equipos Aragon 2012 Preferente B"]
[Site "Aragon"]
[Date "2012.03.24"]
[Round "8.68"]
[White "Rubio Tello Abel"]
[Black "Argueso Palomino Manuel"]
[Result "1-0"]
[WhiteElo "1853"]
[BlackElo "1800"]

1.d4 d5 2.Nf3 Bf5 3.Bf4 Nf6 4.e3 Nbd7 5.Bd3 Bxd3 6.Qxd3 c5 7.c3 Qb6 8.Qe2 Rc8
9.O-O Nh5 10.Be5 Nxe5 11.Nxe5 Nf6 12.Nd2 Rc7 13.b4 cxb4 14.cxb4 g6 15.Rac1 Bg7
16.Rxc7 Qxc7 17.Qb5+ Nd7 18.Ndf3 f6 19.Nd3 Qc6 20.Qa5 Qb6 21.Qxd5 e6 22.Qe4
Ke7 23.Rc1 Rd8 24.h3 Qb5 25.Nf4 Nf8 26.Rc7+ Rd7 27.Rxd7+ Qxd7 28.d5 f5 29.Qc4
e5 30.Ne2 Qd6 31.Nc3 e4 32.Nb5 Qd7 33.d6+ Kd8 34.Ng5 Qc8 35.Nc7 Qd7 36.Nge6+
Nxe6 37.Nxe6+ Ke8 38.Nxg7+ Qxg7 39.Qc8+ Kf7 40.Qd7+ Kf8 41.Qxg7+ 1-0

[Event "Cto Equipos Aragon 2012 Preferente B"]
[Site "Aragon"]
[Date "2012.03.24"]
[Round "8.69"]
[White "Mimbela Lopez Luis"]
[Black "Inglan Bielsa Fernando"]
[Result "1/2-1/2"]
[WhiteElo "2118"]
[BlackElo "2094"]

1.d4 Nf6 2.Nf3 g6 3.Nc3 d5 4.Bf4 Bg7 5.Qd2 Ne4 6.Nxe4 dxe4 7.Ne5 Be6 8.e3 Nd7
9.Nxd7 Qxd7 10.O-O-O Qa4 11.a3 O-O 12.Qb4 Qd7 13.Bc4 a5 14.Qb3 Bxc4 15.Qxc4 c6
16.d5 cxd5 17.Rxd5 Qe6 18.Rhd1 Rac8 19.Qb5 b6 20.R1d2 h6 21.h3 Rc6 22.Kb1 Rfc8
23.Be5 f6 24.Bc3 Kf7 25.Rd8 Qc4 1/2-1/2

[Event "Cto Equipos Aragon 2012 Preferente B"]
[Site "Aragon"]
[Date "2012.03.24"]
[Round "8.70"]
[White "Buil Rello Jose Antonio"]
[Black "Carruez Berges Santiago"]
[Result "0-1"]
[WhiteElo "1966"]
[BlackElo "2117"]

1.e4 e5 2.Nf3 Nc6 3.d4 exd4 4.Nxd4 Bc5 5.c3 Nf6 6.Nxc6 bxc6 7.Be2 Nxe4 8.O-O
d5 9.Bd3 O-O 10.Bxe4 dxe4 11.Be3 Bxe3 12.fxe3 Qg5 13.Rf4 Rd8 14.Qe1 Bh3 15.g3
Qd5 16.Na3 Rab8 17.b3 Qd3 18.Nc4 Rd5 19.Nb2 Qd2 20.Rf2 Qxe1+ 21.Rxe1 Rbd8 22.
Rc2 f6 23.Nc4 Kf7 24.Kf2 Ke7 25.Ree2 Rd1 26.Re1 R1d5 27.Nb2 Bg4 28.Nc4 Rd3 29.
Rec1 R8d5 30.Ke1 Rd1+ 31.Kf2 R5d3 32.Rxd1 Rxd1 33.Nd2 f5 34.Nc4 Rh1 35.Kg2
Bf3+ 36.Kh3 g5 37.Ne5 Rg1 38.Nxc6+ Kd6 39.Nd4 Bg4# 0-1

[Event "Cto Equipos Aragon 2012 Preferente B"]
[Site "Aragon"]
[Date "2012.03.24"]
[Round "8.71"]
[White "Martinez Asensio Juan Miguel"]
[Black "Salas Latorre Jose"]
[Result "1/2-1/2"]
[WhiteElo "2116"]
[BlackElo "1783"]

1.c4 e6 2.g3 d5 3.Bg2 Nf6 4.Nf3 Bd6 5.O-O c6 6.d4 O-O 7.b3 Re8 8.Bb2 Nbd7 9.
Nbd2 b6 10.Qc2 Bb7 11.e4 Nxe4 12.Nxe4 dxe4 13.Qxe4 Qc7 14.Ne5 Nf6 15.Qf3 Rac8
16.Rad1 Ba8 17.Ng4 Be7 18.d5 Nxg4 19.Qxg4 e5 20.dxc6 Bxc6 21.Bxc6 Qxc6 22.Bxe5
f6 23.Bb2 Rcd8 24.Rfe1 Rxd1 25.Rxd1 Bc5 26.Bc3 a5 27.Rd7 Re7 28.Rxe7 Bxe7 29.
Bd4 Bc5 30.Qf4 Kf7 31.h4 Bxd4 32.Qxd4 Qe6 33.Kf1 Qh3+ 34.Ke2 Qe6+ 35.Kd3 Qf5+
36.Kc3 Qb1 37.Qd7+ Kf8 38.Qd2 Qa1+ 39.Kd3 Qe5 40.Qe3 Qd6+ 41.Qd4 Qb4 42.c5
Qb5+ 43.Qc4 Qc6 44.Kd4 Qf3 45.Qc2 Qg4+ 46.Kd5 Qd7+ 47.Kc4 Qc7 48.b4 axb4 49.
Kxb4 Qa7 50.c6 Qa5+ 51.Kb3 Qb5+ 52.Ka3 Qa5+ 53.Kb2 Qb4+ 54.Qb3 Qd2+ 55.Qc2
Qb4+ 56.Kc1 Qe1+ 1/2-1/2

[Event "Cto Equipos Aragon 2012 Preferente B"]
[Site "Aragon"]
[Date "2012.03.24"]
[Round "8.72"]
[White "Olivan Alvira Alejandro"]
[Black "Larrosa Poves Jose Manuel"]
[Result "0-1"]
[WhiteElo "1569"]
[BlackElo "1950"]

1.d4 Nf6 2.Nf3 e6 3.Bf4 c5 4.e3 d5 5.c3 Nc6 6.Bd3 Be7 7.Nbd2 O-O 8.h3 Re8 9.
O-O h6 10.Bh2 Bd6 11.Ne5 Bxe5 12.dxe5 Nd7 13.Nf3 f6 14.Bg6 Rf8 15.Qd3 Ndxe5
16.Nxe5 Nxe5 17.Bxe5 fxe5 18.Bh5 e4 19.Qc2 Qg5 20.Be2 e5 21.Kh2 Bd7 22.Rad1
Bc6 23.a4 a6 24.b3 Rad8 25.Qb2 Kh8 26.a5 d4 27.cxd4 exd4 28.exd4 cxd4 29.Rxd4
Qe5+ 30.Kg1 Qxd4 31.Qxd4 Rxd4 32.Bc4 Rd2 33.Re1 Rfxf2 0-1

[Event "Cto Equipos Aragón 2012 Div H. Titulo"]
[Site "Aragon"]
[Date "2012.03.31"]
[Round "9.1"]
[White "Colas Longares Rafael P"]
[Black "Adla Diego"]
[Result "1/2-1/2"]
[WhiteElo "2321"]
[BlackElo "2499"]

1.e4 c6 2.d4 d5 3.Nc3 dxe4 4.Nxe4 Bf5 5.Ng3 Bg6 6.Bc4 e6 7.N1e2 Nf6 8.O-O Bd6
9.f4 Nbd7 10.f5 Bxf5 11.Nxf5 exf5 12.Rxf5 O-O 13.Bg5 Qc7 14.Qd3 Nd5 15.Raf1
Rae8 16.c3 Bxh2+ 17.Kh1 Bd6 18.Qh3 f6 19.Nf4 Nb6 20.Nxd5 Nxd5 21.Bc1 b5 22.
Bxd5+ cxd5 1/2-1/2

[Event "Cto Equipos Aragón 2012 Div H. Titulo"]
[Site "Aragon"]
[Date "2012.03.31"]
[Round "9.2"]
[White "Glavina Pablo"]
[Black "Cabrera Moreno Daniel"]
[Result "1-0"]
[WhiteElo "2457"]
[BlackElo "2191"]

1.d4 Nf6 2.c4 e6 3.g3 d5 4.Bg2 Be7 5.Nf3 Nbd7 6.Qc2 c6 7.O-O O-O 8.b3 Ne4 9.
Nfd2 f5 10.Nxe4 fxe4 11.f3 exf3 12.Bxf3 dxc4 13.Qxc4 Nb6 14.Qd3 Bf6 15.Bb2 c5
16.e3 e5 17.Nd2 Bh3 18.Rf2 cxd4 19.Ne4 Kh8 20.exd4 exd4 21.Nxf6 Qxf6 22.Bxd4
Rad8 23.Rd1 Qe7 24.Qe2 Qxe2 25.Bxe2 Rxf2 26.Bxf2 Rxd1+ 27.Bxd1 Bd7 28.Bf3 Bc6
29.Bxc6 bxc6 30.Bxb6 axb6 31.a4 c5 32.Kf2 Kg8 33.Ke3 Kf7 34.Kd3 Ke6 35.Kc4 Kd6
36.Kb5 Kc7 37.a5 bxa5 38.Kxc5 1-0

[Event "Cto Equipos Aragón 2012 Div H. Titulo"]
[Site "Aragon"]
[Date "2012.03.31"]
[Round "9.3"]
[White "Garcia Vicente Nieves"]
[Black "Lopez Gracia Fernando"]
[Result "0-1"]
[WhiteElo "2198"]
[BlackElo "2336"]

1.d4 Nf6 2.c4 e6 3.Nc3 Bb4 4.e3 c5 5.Bd3 Nc6 6.Nf3 Bxc3+ 7.bxc3 d6 8.O-O e5 9.
Ng5 O-O 10.Ne4 Bf5 11.Nxf6+ Qxf6 12.e4 Bd7 13.d5 Ne7 14.Rb1 Rab8 15.Qh5 h6 16.
Rb3 Ng6 17.g3 Qe7 18.Bd2 Qe8 19.Ra3 Ra8 20.f4 exf4 21.gxf4 f5 22.exf5 Ne7 23.
Qxe8 Raxe8 24.Rxa7 Bxf5 25.Bxf5 Nxf5 26.Rxb7 Re2 27.Rf2 Re4 28.Kf1 Rxc4 29.Re2
Ra8 30.Rb2 Rca4 31.Bc1 R8a7 32.Kf2 Ne7 33.Rb8+ Kf7 34.Rd8 Nxd5 35.Rxd6 Nxc3
36.a3 Nxe2 37.Kxe2 Rc4 38.Rd1 Rc2+ 39.Kd3 Rxh2 40.Kc4 Ra2 41.Kxc5 Ra1 42.Kb6
R7xa3 0-1

[Event "Cto Equipos Aragón 2012 Div H. Titulo"]
[Site "Aragon"]
[Date "2012.03.31"]
[Round "9.4"]
[White "Moreno Gracia Daniel"]
[Black "Ferrer Serrano Roberto"]
[Result "1-0"]
[WhiteElo "2322"]
[BlackElo "2138"]

1.c4 e6 2.g3 d5 3.d4 c5 4.Nf3 cxd4 5.cxd5 Qxd5 6.Qxd4 Qxd4 7.Nxd4 a6 8.Bg2 e5
9.Nb3 Nc6 10.Nc3 Nf6 11.Bg5 Be7 12.O-O O-O 13.Bxf6 Bxf6 14.Nd5 Bd8 15.Rac1 Rb8
16.e3 Ne7 17.Nc5 b6 18.Nd3 Nxd5 19.Bxd5 Bf6 20.Rc7 Bf5 21.e4 Bg6 22.Rfc1 a5
23.Kf1 Rfe8 24.Ke2 Kf8 25.b4 Re7 26.bxa5 Rxc7 27.Rxc7 bxa5 28.Ra7 Bd8 29.Nxe5
Rb2+ 30.Kd3 Rb5 31.Nxg6+ fxg6 32.f4 Rb2 33.e5 Rxh2 34.e6 Ke8 35.Bc6+ Kf8 36.
Rf7+ 1-0

[Event "Cto Equipos Aragón 2012 Div H. Titulo"]
[Site "Aragon"]
[Date "2012.03.31"]
[Round "9.5"]
[White "Antoli Royo Joaquin Miguel"]
[Black "Del Rey Diego"]
[Result "0-1"]
[WhiteElo "2410"]
[BlackElo "2371"]

1.e4 c5 2.b3 Nf6 3.e5 Nd5 4.Nf3 e6 5.Bb2 Nc6 6.Bb5 Be7 7.O-O O-O 8.Bxc6 bxc6
9.c4 Nf4 10.g3 Nd3 11.Bc3 f6 12.exf6 Bxf6 13.Qe2 Nb4 14.d4 Qe8 15.a3 Na6 16.
dxc5 Qh5 17.Nd4 Qxc5 18.Rd1 Qb6 19.b4 c5 20.Nb5 Bb7 21.Rxd7 Qc6 22.Rxb7 Qxb7
23.Bxf6 Rxf6 24.Nd2 cxb4 25.Ne4 Rff8 26.axb4 Nxb4 27.Nbd6 Qe7 28.c5 a5 29.h4
h6 30.Qc4 Nc6 31.f4 Kh8 32.Qa4 Ra6 33.Rb1 Rb8 34.Rd1 Rb4 35.Qa2 Ra8 36.Re1 Nd4
37.Rd1 a4 38.Nc4 Nc6 39.Ned6 Rf8 40.Re1 Qf6 41.Qg2 Qd4+ 42.Kh1 Qxc5 43.Rxe6
Nd4 44.Re5 Qc6 45.Qxc6 Nxc6 46.Rc5 Nd4 47.Ne5 Ra8 48.f5 a3 49.f6 Ne6 50.fxg7+
Kxg7 51.Nf5+ Kh7 52.Rd5 0-1

[Event "Cto Equipos Aragón 2012 Div H. Titulo"]
[Site "Aragon"]
[Date "2012.03.31"]
[Round "9.6"]
[White "Chueca Forcen Alberto"]
[Black "Garza Marco Sergio"]
[Result "1-0"]
[WhiteElo "2350"]
[BlackElo "2394"]

1.d4 d6 2.Nf3 g6 3.c4 f5 4.Nc3 Nf6 5.b3 Bg7 6.Bb2 O-O 7.e3 c6 8.Be2 Qe8 9.h3
e5 10.dxe5 dxe5 11.Qd6 e4 12.Nd4 Na6 13.c5 Nb4 14.a3 Nd3+ 15.Bxd3 exd3 16.Nf3
Ne4 17.Qxd3 Nxc5 18.Qc4+ Ne6 19.O-O-O b5 20.Qb4 c5 21.Qa5 Bd7 22.Nd5 Bxb2+ 23.
Kxb2 Bc6 24.Ne5 Bxd5 25.Rxd5 f4 26.e4 Qe7 27.Qc3 b4 28.Qc4 Kh8 29.a4 Nc7 30.
Rxc5 Ne6 31.Rc6 Rae8 32.Nd3 Qd7 33.Nxb4 Qd4+ 34.Ka3 a5 35.Nd5 Qxf2 36.Rd1 Qxg2
37.Qc3+ Kg8 38.Nf6+ Rxf6 39.Qxf6 Qxe4 40.Rd7 Qf5 41.Rxe6 Qc5+ 42.Kb2 Qf2+ 43.
Kc1 Qg1+ 44.Rd1 Rc8+ 45.Rc6 Qe3+ 46.Kc2 Qe4+ 47.Kb2 Qxc6 48.Rd8+ Rxd8 49.Qxc6
Rf8 50.Qf3 g5 51.Qd5+ Kh8 52.Qe5+ Kg8 53.Qxg5+ Kh8 54.Qe5+ Kg8 55.Qd5+ Kg7 56.
Qf3 Kg6 57.Qg4+ 1-0

[Event "Cto Equipos Aragón 2012 Div H. Titulo"]
[Site "Aragon"]
[Date "2012.03.31"]
[Round "9.7"]
[White "Fontana Sotomayor Luis Javier"]
[Black "Melendez Fierro Juan Bautista"]
[Result "1-0"]
[WhiteElo "2345"]
[BlackElo "2208"]

1.d4 e6 2.Nf3 Nf6 3.e3 c5 4.Bd3 Nc6 5.b3 cxd4 6.exd4 d5 7.O-O Be7 8.Bb2 O-O 9.
a3 Ne4 10.c4 b6 11.Qc2 f5 12.cxd5 Qxd5 13.Bc4 Qd6 14.Nc3 Nxc3 15.Bxc3 Kh8 16.
Rfd1 Bb7 17.Qe2 Nd8 18.d5 e5 19.Bb4 Qd7 20.Nxe5 Qe8 21.Bxe7 Qxe7 22.Ng6+ 1-0

[Event "Cto Equipos Aragón 2012 Div H. Titulo"]
[Site "Aragon"]
[Date "2012.03.31"]
[Round "9.8"]
[White "Hernando Garcia Antonio"]
[Black "Ramiro Ovejero Juan Luis"]
[Result "0-1"]
[WhiteElo "2219"]
[BlackElo "2303"]

1.c4 e5 2.g3 Nf6 3.Bg2 c6 4.d4 e4 5.d5 cxd5 6.cxd5 Bc5 7.Nc3 e3 8.Bxe3 Bxe3 9.
fxe3 d6 10.Qd4 O-O 11.Nf3 Re8 12.e4 Nbd7 13.O-O a6 14.Rac1 Qb6 15.Qxb6 Nxb6
16.Nd2 Bg4 17.Bf3 Bh3 18.Rfd1 Rac8 19.b3 Nfd7 20.Na4 Nxa4 21.bxa4 Ne5 22.a5
Bd7 23.Rb1 Bb5 24.Rdc1 g6 25.Kf2 Kf8 26.h4 h5 27.Ke1 Red8 28.Rxc8 Rxc8 29.a4
Bxa4 30.Rxb7 Rc1+ 31.Kf2 Rc2 32.Ke1 Bb5 33.Kd1 Rb2 34.Kc1 Rb4 35.Rb6 Ke7 36.
Kc2 Nd7 37.Kc3 Ra4 38.Rb7 Kd8 39.Ra7 Rxa5 40.Nb3 Ra4 41.e3 Rc4+ 42.Kd2 Ne5 43.
Bg2 Rc7 44.Rxc7 Kxc7 45.Kc3 Kb6 46.Bh3 a5 47.Nd4 Bd3 48.Bg2 Bc4 49.Nc2 Kc5 50.
Na3 Bd3 51.Bh1 a4 52.Bg2 Nc4 53.Nxc4 Bxc4 54.Bf3 a3 55.g4 hxg4 56.Bxg4 a2 57.
Kb2 Bd3 58.Bf3 Bb1 59.h5 gxh5 60.Bxh5 f6 61.Bf3 Kc4 62.Be2+ Bd3 63.Bf3 Bf1 64.
Kxa2 Kd3 65.Kb3 Kxe3 66.Bh1 Bd3 67.Bg2 Bxe4 68.Bh3 Bxd5+ 69.Kb4 Be4 70.Bf1 d5
0-1

[Event "Cto Equipos Aragón 2012 Div H. Titulo"]
[Site "Aragon"]
[Date "2012.03.31"]
[Round "9.9"]
[White "Quintin Navarro Alberto"]
[Black "Llorente Zaro Alfonso"]
[Result "0-1"]
[WhiteElo "2201"]
[BlackElo "2445"]

1.d4 f5 2.g3 Nf6 3.Bg2 e6 4.c4 c6 5.Nf3 d5 6.O-O Bd6 7.Bf4 Be7 8.Qc2 O-O 9.Nc3
Ne4 10.Nxe4 dxe4 11.Ne5 Qxd4 12.Rfd1 Qc5 13.h4 a5 14.b3 Bf6 15.a3 Na6 16.Qc3
b5 17.Qxa5 Bxe5 18.b4 Bc3 19.Rac1 Qxc4 20.Be5 Bxe5 0-1

[Event "Cto Equipos Aragón 2012 Div H. Titulo"]
[Site "Aragon"]
[Date "2012.03.31"]
[Round "9.10"]
[White "Ramon Perez Jose Luis"]
[Black "Gimenez Martinez Alberto"]
[Result "1/2-1/2"]
[WhiteElo "2234"]
[BlackElo "2170"]

1.e4 c5 2.Nc3 d6 3.f4 g6 4.Nf3 Bg7 5.Bc4 e6 6.d3 Ne7 7.Bb3 Nbc6 8.O-O Nd4 9.e5
Nxf3+ 10.Qxf3 d5 11.Ne2 Bd7 12.c3 O-O 13.Be3 Qc7 14.Bc2 f6 15.exf6 Rxf6 16.d4
b6 17.g4 Raf8 18.Qg3 R6f7 19.Rf2 cxd4 20.Nxd4 e5 21.fxe5 Rxf2 22.Bxf2 Bxe5 23.
Qh4 Bxh2+ 24.Qxh2 Qxh2+ 25.Kxh2 Rxf2+ 26.Kg3 Rd2 27.Rd1 Rxd1 28.Bxd1 g5 29.Nf3
h6 30.Ne5 Be6 31.Kf3 Kg7 32.Ke3 Kf6 33.Kd4 h5 34.b4 hxg4 35.Bxg4 Nf5+ 36.Bxf5
Kxf5 37.Nd3 Bf7 38.a4 g4 39.Ke3 Be8 40.b5 Bh5 41.Nf4 Bf7 42.Nd3 g3 43.Kf3 Bh5+
44.Kxg3 Ke4 45.Nb4 Bd1 46.Nc6 Bxa4 47.Nxa7 Kd3 48.Nc8 Kxc3 49.Nxb6 1/2-1/2

[Event "Cto Equipos Aragón 2012 Div H. Titulo"]
[Site "Aragon"]
[Date "2012.03.31"]
[Round "9.11"]
[White "Arregui Untoria Carlos"]
[Black "Remiro Juste Fernando Jose"]
[Result "1/2-1/2"]
[WhiteElo "2080"]
[BlackElo "2219"]

1.d4 Nf6 2.c4 g6 3.Nc3 d5 4.cxd5 Nxd5 5.e4 Nxc3 6.bxc3 Bg7 7.Bg5 c5 8.Rc1 O-O
9.Nf3 Bg4 10.d5 h6 11.Be3 Nd7 12.Qd2 Nf6 13.Bd3 c4 14.Bc2 Bxf3 15.gxf3 e6 16.
d6 Qa5 17.Bxh6 Bxh6 18.Qxh6 Qxc3+ 19.Ke2 Nh5 20.Rhg1 Qg7 21.Qxg7+ Kxg7 22.Ke3
e5 23.Rb1 b6 24.Ba4 Rac8 25.Rb5 Kf6 26.Rc1 Nf4 27.d7 Rc7 28.Rb4 Ne6 29.Rbxc4
Rxc4 30.Rxc4 Nc5 31.f4 exf4+ 32.Kxf4 Rd8 33.e5+ Ke7 34.Bb5 a6 35.Bc6 Nxd7 36.
Bxd7 Rxd7 37.Ke3 Rd5 38.f4 Kd7 39.a4 b5 40.axb5 Rxb5 41.Ra4 a5 42.Rd4+ Ke7 43.
Rd6 g5 44.Ra6 Rb3+ 45.Ke4 gxf4 46.Rxa5 f3 47.Ra2 1/2-1/2

[Event "Cto Equipos Aragón 2012 Div H. Titulo"]
[Site "Aragon"]
[Date "2012.03.31"]
[Round "9.12"]
[White "Mimbela Lopez Miguel A"]
[Black "Jaques Burguete Raul"]
[Result "1-0"]
[WhiteElo "2178"]
[BlackElo "2032"]

1.d4 d5 2.c4 c6 3.cxd5 cxd5 4.Nc3 Nc6 5.Nf3 Nf6 6.Bf4 Qb6 7.Qb3 Qxb3 8.axb3
Bg4 9.Nb5 Kd7 10.Ne5+ Nxe5 11.dxe5 Nh5 12.Bd2 g6 13.h3 Be6 14.g4 Ng7 15.Nxa7
h5 16.e4 dxe4 17.Bb5+ Kc7 18.Be3 hxg4 19.O-O Rd8 20.Rfc1+ Kb8 21.Bb6 1-0